Normal view
MARC view
- ثورات-الإشتراكية-رأسمالية-الدول النامية -- علاقات خارجية
Entry Topical Term
001 - CONTROL NUMBER
- control field: 12813
003 - CONTROL NUMBER IDENTIFIER
- control field: JO-AjAnu
005 - DATE AND TIME OF LATEST TRANSACTION
- control field: 20230606072343.0
008 - FIXED-LENGTH DATA ELEMENTS
- fixed length control field: 230606|| aca||aabn | a|a d
040 ## - CATALOGING SOURCE
- Original cataloging agency: JO-AjAnu
- Transcribing agency: JO-AjAnu
150 ## - HEADING--TOPICAL TERM
- Topical term or geographic name entry element: ثورات-الإشتراكية-رأسمالية-الدول النامية -- علاقات خارجية
670 ## - SOURCE DATA FOUND
- Source citation: Work cat.: (JO-AjAnu)6594: واكيم، نجاح, author 12812, العالم الثالث والثورة